| 000 | 00487 a2200133 4500 | ||
|---|---|---|---|
| 000 | nam a22 7a 4500 | ||
| 100 | _aमीना, गोविन्द सिंह | ||
| 110 | _aमीना, गोविन्द सिंह | ||
| 245 | _aभीम सहनिया के उपन्यासों में सामाजिक चेतना | ||
| 250 | _aLatest edition | ||
| 260 |
_bParadise Publishers _c2024 |
||
| 264 |
_bParadise Publishers _c2024 |
||
| 942 | _cBK | ||
| 999 |
_c396671 _d396671 |
||